[Event "30.Schlosspark-Open"]
[Site "Wiesbaden-Biebrich"]
[Date "2018.08.25"]
[Round "4.1"]
[White "Khenkin, Igor"]
[Black "Muckle, Julius"]
[Result "1/2-1/2"]
[WhiteElo "2558"]
[BlackElo "2326"]
[PlyCount "27"]
[EventDate "2018.??.??"]
[WhiteTeam "SC Heusenstamm"]
[BlackTeam "SK Ludwigshafen"]

1. c4 c6 2. e4 d5 3. cxd5 cxd5 4. exd5 Nf6 5. Nc3 Nxd5 6. Nf3 e6 7. d4 Be7 8.
Bc4 Nc6 9. O-O O-O 10. Re1 Bf6 11. Ne4 h6 12. Nxf6+ Qxf6 13. Bxd5 exd5 14. Ne5
1/2-1/2

[Event "30.Schlosspark-Open"]
[Site "Wiesbaden-Biebrich"]
[Date "2018.08.25"]
[Round "4.2"]
[White "Euler, Gerd"]
[Black "Poetsch, Hagen"]
[Result "0-1"]
[WhiteElo "2301"]
[BlackElo "2513"]
[PlyCount "88"]
[EventDate "2018.??.??"]
[WhiteTeam "SSG Hungen-Lich"]
[BlackTeam "SC Heusenstamm"]

1. f4 d6 2. e4 d5 3. Nc3 dxe4 4. Nxe4 Nf6 5. Nf2 g6 6. Nf3 Bg7 7. Bc4 O-O 8. d4
c5 9. dxc5 Qa5+ 10. Bd2 Qxc5 11. Qe2 Nc6 12. Be3 Qa5+ 13. Bd2 Qb6 14. Bc3 Nh5
15. g3 Bxc3+ 16. bxc3 Qb2 17. O-O Qxc3 18. Ne4 Qg7 19. Qe3 Bh3 20. Rfe1 Rac8
21. Nf2 Bd7 22. Rad1 Nf6 23. h3 b6 24. Ba6 Rc7 25. c3 Be6 26. Ng5 Bxa2 27. Qe2
Bb3 28. Rb1 Na5 29. Qe5 Ne8 30. Nge4 f6 31. Qd4 f5 32. Nd2 Qxd4 33. cxd4 Bd5
34. Nd3 Nc6 35. Rbc1 Nxd4 36. Nb4 e6 37. Kf2 Rxc1 38. Rxc1 Nd6 39. Ke3 N4b5 40.
Kd3 Rf7 41. Nxd5 exd5 42. Nf3 Rc7 43. Ra1 Rc3+ 44. Ke2 d4 0-1

[Event "30.Schlosspark-Open"]
[Site "Wiesbaden-Biebrich"]
[Date "2018.08.25"]
[Round "4.3"]
[White "Zachary, Matheo"]
[Black "Carow, Johannes"]
[Result "1-0"]
[WhiteElo "2264"]
[BlackElo "2445"]
[PlyCount "103"]
[EventDate "2018.??.??"]
[WhiteTeam "OSG Baden-Baden"]
[BlackTeam "SF Heidesheim"]

1. e4 c6 2. Nc3 d5 3. Nf3 Nf6 4. e5 Ne4 5. Ne2 Qb6 6. d4 e6 7. Ng3 c5 8. Bd3
Nxg3 9. fxg3 h6 10. O-O Nc6 11. g4 Bd7 12. a3 O-O-O 13. Kh1 f6 14. Nh4 fxe5 15.
Ng6 Rg8 16. Nxe5 Nxe5 17. dxe5 g5 18. c4 Bg7 19. Qe2 Rgf8 20. Re1 Bc6 21. b4
Qc7 22. Rb1 cxb4 23. axb4 dxc4 24. Bxc4 Bxe5 25. b5 Bd5 26. Bxd5 exd5 27. Ba3
Rf4 28. Rbc1 Bc3 29. Rxc3 Qxc3 30. Rc1 Qxc1+ 31. Bxc1 Re4 32. Qd1 Kb8 33. h4
gxh4 34. Bxh6 d4 35. g5 Re6 36. Qd3 Re3 37. Qd2 Re6 38. Qa5 b6 39. Qa2 Rg6 40.
Qf7 d3 41. Bg7 Rxg7 42. Qxg7 d2 43. Qe5+ Kc8 44. Qf5+ Rd7 45. Qc2+ Kd8 46. Qd1
Ke7 47. g6 Kf8 48. g7+ Kg8 49. Kh2 Rd6 50. Qh5 Kxg7 51. Qe5+ Rf6 52. Qg5+ 1-0

[Event "30.Schlosspark-Open"]
[Site "Wiesbaden-Biebrich"]
[Date "2018.08.25"]
[Round "4.4"]
[White "Jahnel, Guenther"]
[Black "Inkiov, Ventzislav"]
[Result "1/2-1/2"]
[WhiteElo "2195"]
[BlackElo "2425"]
[PlyCount "182"]
[EventDate "2018.??.??"]
[WhiteTeam "FVS ASP Hoyerswerda"]
[BlackTeam "SK Oetigheim"]

1. d4 Nf6 2. c4 e6 3. Nc3 Bb4 4. Nf3 d5 5. cxd5 exd5 6. Bg5 Nbd7 7. e3 c5 8.
Bd3 Qa5 9. O-O c4 10. Bf5 Bxc3 11. bxc3 Ne4 12. Qc2 Ndf6 13. Bxc8 Rxc8 14. Bxf6
Nxf6 15. Rab1 Rc7 16. Rb4 b6 17. Rfb1 Qa6 18. a4 O-O 19. Rb5 Qc8 20. Ne5 Qe6
21. a5 bxa5 22. Qa4 Ne4 23. Qxa5 Re7 24. Rb7 Rxb7 25. Rxb7 Qf5 26. Nf3 g5 27.
h3 h5 28. Rb5 Nf6 29. Qc7 g4 30. hxg4 hxg4 31. Nh4 Qg5 32. g3 Ne4 33. Qa5 Rd8
34. Ng2 a6 35. Rb7 Qf6 36. Nf4 Ng5 37. Qb6 Rd6 38. Qc7 Kh7 39. Qc8 Re6 40. Rb8
Rb6 41. Rxb6 Qxb6 42. Qf5+ Kh6 43. Qxg4 Qb1+ 44. Kh2 f6 45. Nxd5 Ne4 46. Qf5
Qc2 47. Kg2 Qb1 48. Nxf6 Nxc3 49. Ng4+ Kg7 50. Qg5+ Kf8 51. Qc5+ Ke8 52. Qxc4
Qe4+ 53. f3 Qc2+ 54. Kh3 Qh7+ 55. Kg2 Qc2+ 56. Nf2 Qc1 57. Qd3 Qe1 58. Qg6+ Kd7
59. Qf5+ Kd8 60. Qa5+ Kd7 61. d5 Qxe3 62. Qxa6 Nxd5 63. Qd3 Qe5 64. Ne4 Ke6 65.
Qa3 Kf7 66. Qb3 Kg6 67. Qd3 Kf7 68. Qc4 Kg7 69. Qc1 Kf7 70. Qg5 Qb2+ 71. Kh3
Qh8+ 72. Kg4 Qd4 73. Qh5+ Kg7 74. Kh3 Qd1 75. Qe5+ Kg6 76. Qe6+ Kg7 77. Kh4 Qd4
78. f4 Kf8 79. Kh5 Qd1+ 80. Kg6 Ne7+ 81. Kg5 Qf3 82. f5 Qe3+ 83. Kg4 Qe2+ 84.
Kh4 Qf3 85. Qf6+ Ke8 86. Nd6+ Kd7 87. g4 Qf2+ 88. Kh5 Qh2+ 89. Kg5 Qd2+ 90. Kh5
Qh2+ 91. Kg5 Qd2+ 1/2-1/2

[Event "30.Schlosspark-Open"]
[Site "Wiesbaden-Biebrich"]
[Date "2018.08.25"]
[Round "4.5"]
[White "Meinhardt, Maximilian"]
[Black "Artola Pola, Gerardo"]
[Result "1-0"]
[WhiteElo "2391"]
[BlackElo "1927"]
[PlyCount "31"]
[EventDate "2018.??.??"]
[WhiteTeam "SC Viernheim"]
[BlackTeam "Frankfurter TV"]

1. e4 d6 2. d4 Nf6 3. Nc3 g6 4. g3 e5 5. dxe5 dxe5 6. Qxd8+ Kxd8 7. Bg5 Be7 8.
O-O-O+ Bd7 9. Nf3 h6 10. Nxe5 hxg5 11. Nxf7+ Ke8 12. Nxh8 Ng4 13. Rd2 Be6 14.
Nd5 Bxd5 15. exd5 Bc5 16. h3 1-0

[Event "30.Schlosspark-Open"]
[Site "Wiesbaden-Biebrich"]
[Date "2018.08.25"]
[Round "4.6"]
[White "Milov, Leonid"]
[Black "Gentner, Markus"]
[Result "1-0"]
[WhiteElo "2469"]
[BlackElo "1953"]
[PlyCount "85"]
[EventDate "2018.??.??"]
[WhiteTeam "SC Noris-Tarrasch Nuernberg"]
[BlackTeam "SC Murrhardt"]

1. e4 c6 2. Nf3 d5 3. Nc3 dxe4 4. Nxe4 Nf6 5. Qe2 Bf5 6. Nxf6+ gxf6 7. d3 e6 8.
Bd2 Nd7 9. Nh4 Bg6 10. g3 Qb6 11. Rb1 Bb4 12. c3 Bd6 13. Nxg6 hxg6 14. Bg2 Qa6
15. a3 Kf8 16. Be3 Kg7 17. O-O Qb5 18. b4 Qf5 19. f4 e5 20. Be4 Qh3 21. f5 Rac8
22. Qg2 b6 23. Qxh3 Rxh3 24. Kg2 Rhh8 25. c4 Rc7 26. Rfc1 Be7 27. h4 Rhc8 28.
g4 Rh8 29. Rh1 gxf5 30. gxf5 Rcc8 31. Kf3 Kf8 32. h5 Ke8 33. a4 Nf8 34. a5 Bd8
35. axb6 axb6 36. Ra1 Nh7 37. Ra8 Rxa8 38. Bxc6+ Kf8 39. Bxa8 Ng5+ 40. Ke2 Kg7
41. Bd5 Be7 42. b5 Rb8 43. Ra1 1-0

[Event "30.Schlosspark-Open"]
[Site "Wiesbaden-Biebrich"]
[Date "2018.08.25"]
[Round "4.7"]
[White "Gutman, Lev"]
[Black "Scheitz, Michael"]
[Result "1-0"]
[WhiteElo "2442"]
[BlackElo "2092"]
[PlyCount "83"]
[EventDate "2018.??.??"]
[WhiteTeam "SV Lingen"]
[BlackTeam "Wiesbadener SV"]

1. Nf3 d5 2. g3 g6 3. Bg2 Bg7 4. d4 Nf6 5. O-O c6 6. c4 O-O 7. Qb3 Qb6 8. Nc3
Bf5 9. cxd5 Qxb3 10. axb3 Nxd5 11. Ne5 Nb4 12. e4 Be6 13. d5 Bxd5 14. Nxg6 hxg6
15. exd5 cxd5 16. Nxd5 Nxd5 17. Bxd5 Nc6 18. Re1 e6 19. Be4 Bf6 20. h4 Rfd8 21.
Kg2 Rd7 22. Ra4 Rad8 23. Be3 Bxb2 24. h5 gxh5 25. Rh1 Bd4 26. Bg5 f6 27. Bxc6
bxc6 28. Rxd4 Rxd4 29. Bxf6 R8d5 30. Bxd4 Rxd4 31. Rxh5 Rb4 32. Ra5 Rb7 33. Ra6
Rc7 34. Kf3 Kf7 35. Ke4 Kf6 36. Kd4 Kf5 37. Kc5 Rb7 38. b4 e5 39. Rxc6 Rd7 40.
Rc8 Rf7 41. Re8 Rb7 42. b5 1-0

[Event "30.Schlosspark-Open"]
[Site "Wiesbaden-Biebrich"]
[Date "2018.08.25"]
[Round "4.8"]
[White "Gundlach, Michael"]
[Black "Koellner, Ruben Gideon"]
[Result "0-1"]
[WhiteElo "2132"]
[BlackElo "2253"]
[PlyCount "77"]
[EventDate "2018.??.??"]
[WhiteTeam "SF Mainz"]
[BlackTeam "SG Bochum"]

1. c4 e5 2. g3 Nc6 3. Bg2 Bc5 4. Nc3 a6 5. e3 d6 6. Nge2 Ba7 7. O-O h5 8. d4 h4
9. b3 hxg3 10. fxg3 Qg5 11. Rf2 Bg4 12. Bxc6+ bxc6 13. e4 Qh5 14. Be3 Nf6 15.
c5 Bxe2 16. Qxe2 Ng4 17. Rf5 Qh3 18. Nd1 Nxh2 19. Qg2 Ng4 20. b4 Rb8 21. a3
Nxe3 22. Nxe3 exd4 23. Qxh3 Rxh3 24. Kg2 Rh6 25. Ng4 Rg6 26. Nf2 dxc5 27. bxc5
Rb3 28. Rf3 Rxf3 29. Kxf3 Bxc5 30. Nd3 Bd6 31. e5 Be7 32. Nf4 Rg5 33. Nd3 f6
34. e6 Bd6 35. g4 Ke7 36. Re1 Bxa3 37. Nf4 Bd6 38. Nh3 Re5 39. Rd1 0-1

[Event "30.Schlosspark-Open"]
[Site "Wiesbaden-Biebrich"]
[Date "2018.08.25"]
[Round "4.9"]
[White "Haag, Martin"]
[Black "Davidov, Georgi"]
[Result "1-0"]
[WhiteElo "2229"]
[BlackElo "1945"]
[PlyCount "87"]
[EventDate "2018.??.??"]
[WhiteTeam "SC Bonn Beuel"]
[BlackTeam "SC Rotenburg"]

1. c4 e6 2. g3 d5 3. Bg2 c5 4. Nf3 Nf6 5. O-O Be7 6. cxd5 exd5 7. d4 h6 8. dxc5
Bxc5 9. a3 a5 10. Nc3 O-O 11. Bf4 Be6 12. Rc1 Na6 13. Be5 Ne4 14. Bd4 Rc8 15.
Qd3 Bxd4 16. Nxd4 Nxc3 17. Rxc3 Rxc3 18. Qxc3 Qb6 19. Nxe6 fxe6 20. e3 Qc5 21.
Qe5 Rf6 22. Bh3 Qc6 23. f4 Kf7 24. Bg4 g6 25. Be2 Nc7 26. Bd3 Ne8 27. Rf2 Nd6
28. Rc2 Qb6 29. Kf2 g5 30. Ke2 gxf4 31. exf4 Ke7 32. Qc3 Rf8 33. Qc7+ Qxc7 34.
Rxc7+ Kf6 35. Rd7 Nf5 36. Rxb7 Rc8 37. Kd2 Nd4 38. Rh7 Nb3+ 39. Ke3 Rc1 40.
Rxh6+ Ke7 41. f5 d4+ 42. Ke2 exf5 43. Bxf5 Nc5 44. b4 1-0

[Event "30.Schlosspark-Open"]
[Site "Wiesbaden-Biebrich"]
[Date "2018.08.25"]
[Round "4.10"]
[White "Pauls, Wilhelm"]
[Black "Dietze, Frank"]
[Result "1-0"]
[WhiteElo "1981"]
[BlackElo "2203"]
[PlyCount "61"]
[EventDate "2018.??.??"]
[WhiteTeam "SG Kaarst"]
[BlackTeam "vereinslos"]

1. e4 c5 2. Nf3 d6 3. d4 cxd4 4. Nxd4 Nf6 5. Nc3 a6 6. Bg5 e6 7. f4 h6 8. Bh4
Qb6 9. Qd2 Nbd7 10. O-O-O Be7 11. Be2 g5 12. fxg5 Nh7 13. Nf3 hxg5 14. Nxg5 Ne5
15. Nxh7 Bxh4 16. Qh6 Be7 17. Qg7 Rxh7 18. Qxh7 Bd7 19. Rhf1 O-O-O 20. Kb1 Be8
21. h4 Kb8 22. h5 Rc8 23. Ka1 d5 24. Qg7 Bd6 25. exd5 Rxc3 26. bxc3 Qc5 27. Rf3
Bd7 28. Rh3 exd5 29. g4 Qf2 30. Qh6 Bc5 31. Qh8+ 1-0

[Event "30.Schlosspark-Open"]
[Site "Wiesbaden-Biebrich"]
[Date "2018.08.25"]
[Round "4.11"]
[White "Bremer, Vincent"]
[Black "Stork, Oliver"]
[Result "1/2-1/2"]
[WhiteElo "1968"]
[BlackElo "2175"]
[PlyCount "27"]
[EventDate "2018.??.??"]
[WhiteTeam "SC Lerchenberg/ZMO"]
[BlackTeam "SV Oberursel"]

1. c4 e6 2. g3 d5 3. cxd5 exd5 4. Bg2 c6 5. d3 Nf6 6. Nc3 d4 7. Ne4 Nxe4 8.
Bxe4 Bd6 9. Qa4 Bc7 10. Bd2 O-O 11. Rc1 Re8 12. h4 Bg4 13. Nf3 Bb6 14. Ng5
1/2-1/2

[Event "30.Schlosspark-Open"]
[Site "Wiesbaden-Biebrich"]
[Date "2018.08.25"]
[Round "4.12"]
[White "Steimbach, Isabel"]
[Black "Ruppert, Wolfgang"]
[Result "0-1"]
[WhiteElo "1957"]
[BlackElo "2140"]
[PlyCount "110"]
[EventDate "2018.??.??"]
[WhiteTeam "OSG Baden-Baden"]
[BlackTeam "SC Floersheim"]

1. e4 c5 2. c3 Nf6 3. e5 Nd5 4. Bc4 Nb6 5. Bb3 c4 6. Bc2 d6 7. exd6 Qxd6 8. Na3
Nc6 9. Qe2 Be6 10. Nb5 Qd7 11. Nf3 Nb4 12. cxb4 Qxb5 13. Nd4 Qxb4 14. Nxe6 fxe6
15. Qxe6 Qd6 16. Qxd6 exd6 17. d3 d5 18. dxc4 Bb4+ 19. Bd2 Bxd2+ 20. Kxd2 Nxc4+
21. Kc3 O-O 22. f3 Rac8 23. Bb3 Rf4 24. Rac1 Kf7 25. Bxc4 Rfxc4+ 26. Kd2 Ke6
27. Rxc4 Rxc4 28. Re1+ Kd6 29. Kd3 a5 30. h3 b5 31. Re8 Rc1 32. Ra8 a4 33. Ra5
Kc5 34. Ra7 Rd1+ 35. Kc2 Rf1 36. Rxg7 Kd4 37. Rg4+ Ke3 38. a3 h5 39. Rh4 Rf2+
40. Kc3 Rxg2 41. Rd4 Rxb2 42. Rxd5 Rb3+ 43. Kc2 h4 44. Rh5 Rxa3 45. Rxh4 Rb3
46. Rh8 Kd4 47. h4 Rxf3 48. h5 Rf2+ 49. Kb1 Kc3 50. h6 Kb3 51. Kc1 Rh2 52. h7
b4 53. Kd1 a3 54. Rg8 a2 55. Ra8 Rxh7 0-1

[Event "30.Schlosspark-Open"]
[Site "Wiesbaden-Biebrich"]
[Date "2018.08.25"]
[Round "4.13"]
[White "Geltz, Noah"]
[Black "Chandler, Patrick"]
[Result "1/2-1/2"]
[WhiteElo "1931"]
[BlackElo "2147"]
[PlyCount "38"]
[EventDate "2018.??.??"]
[WhiteTeam "SF HN-Biberach"]
[BlackTeam "SC Nied"]

1. d4 Nf6 2. c4 e6 3. Nc3 Bb4 4. Qc2 c5 5. e3 d6 6. Nf3 Nc6 7. a3 Ba5 8. Bd3 e5
9. d5 Bxc3+ 10. Qxc3 Ne7 11. e4 Ng6 12. b4 b6 13. O-O h6 14. Ne1 O-O 15. g3 Bh3
16. Ng2 Nd7 17. f4 f5 18. exf5 Bxf5 19. Bb2 Ne7 1/2-1/2

[Event "30.Schlosspark-Open"]
[Site "Wiesbaden-Biebrich"]
[Date "2018.08.25"]
[Round "4.14"]
[White "Kiefer, Daniel"]
[Black "Lagaras, Stylianos"]
[Result "0-1"]
[WhiteElo "2197"]
[BlackElo "1934"]
[PlyCount "76"]
[EventDate "2018.??.??"]
[WhiteTeam "SF Mainz"]
[BlackTeam "vereinslos"]

1. e4 c5 2. Nf3 d6 3. d4 cxd4 4. Nxd4 Nf6 5. Nc3 a6 6. Bg5 Nbd7 7. Qe2 h6 8.
Bh4 e5 9. Nf5 g6 10. Ne3 Be7 11. O-O-O b5 12. f3 O-O 13. Bxf6 Nxf6 14. Kb1 Be6
15. Ncd5 Bxd5 16. Nxd5 Nxd5 17. Rxd5 Qa5 18. Qf2 Rfc8 19. Be2 Rc5 20. Rhd1 Rac8
21. c3 b4 22. cxb4 Qxb4 23. Bxa6 Rc2 24. Qxc2 Rxc2 25. Kxc2 Qa4+ 26. Kb1 Qxa6
27. R5d2 Kg7 28. a3 Kf6 29. Rc2 Ke6 30. Rdd2 Bg5 31. Re2 Qd3 32. Ka2 Be3 33.
Ka1 f5 34. h3 g5 35. exf5+ Kxf5 36. Ka2 d5 37. b4 d4 38. Rb2 Bc1 0-1

[Event "30.Schlosspark-Open"]
[Site "Wiesbaden-Biebrich"]
[Date "2018.08.25"]
[Round "4.15"]
[White "Reitz, Philipp"]
[Black "Guelsen, Taylan"]
[Result "1-0"]
[WhiteElo "2037"]
[BlackElo "2207"]
[PlyCount "107"]
[EventDate "2018.??.??"]
[WhiteTeam "VfR-SC Koblenz"]
[BlackTeam "SG Niederkassel"]

1. e4 g6 2. d4 Bg7 3. Nc3 d6 4. Be3 a6 5. Nf3 b5 6. Bd3 Bb7 7. Qd2 Nd7 8. Ne2
c5 9. c3 Ngf6 10. Ng3 Ng4 11. Bg5 h6 12. h3 hxg5 13. hxg4 Rxh1+ 14. Nxh1 cxd4
15. cxd4 Qb6 16. Bc2 Rc8 17. Ng3 Nf6 18. Rd1 Nxg4 19. Bb3 e6 20. Nxg5 a5 21.
Qf4 Nh6 22. Bxe6 Rc7 23. Qh4 fxe6 24. Nxe6 Kf7 25. Nxc7 Qxc7 26. Qf4+ Kg8 27.
Qg5 Qf7 28. b3 b4 29. Qxa5 Ng4 30. Qd8+ Bf8 31. Rd2 Qf4 32. Qe8 Qg5 33. Qe6+
Kh8 34. Qf7 Bh6 35. Rc2 Bc6 36. d5 Ne3 37. Rxc6 Bg7 38. Rc8+ Kh7 39. Rc7 Nc2+
40. Rxc2 Qe5 41. Rc7 Qa1+ 42. Ke2 Qxa2+ 43. Kf3 Qxb3+ 44. Kg4 Qd1+ 45. f3 Qd4
46. Qxg7+ Qxg7 47. Rxg7+ Kxg7 48. Ne2 b3 49. Nc3 Kf6 50. f4 b2 51. Nb1 Kf7 52.
Kg5 Kg7 53. e5 dxe5 54. fxe5 1-0

[Event "30.Schlosspark-Open"]
[Site "Wiesbaden-Biebrich"]
[Date "2018.08.25"]
[Round "4.16"]
[White "Moes, Waldemar"]
[Black "Nagel, Bernhard"]
[Result "1-0"]
[WhiteElo "2015"]
[BlackElo "2214"]
[PlyCount "63"]
[EventDate "2018.??.??"]
[WhiteTeam "Zukertort Amsterdam"]
[BlackTeam "Koelner SK Dr. Lasker"]

1. d4 Nf6 2. Bf4 e6 3. e3 b6 4. Nf3 Bb7 5. Nbd2 Be7 6. h3 c5 7. c3 Nc6 8. Bd3
cxd4 9. exd4 d6 10. O-O h6 11. Qe2 Nd5 12. Bg3 Qc7 13. c4 Nf6 14. d5 exd5 15.
cxd5 Nxd5 16. Rac1 Qd7 17. Rfe1 Nc7 18. Rxc6 Bxc6 19. Nd4 Bd5 20. Nf5 Be6 21.
Nxg7+ Kf8 22. Nxe6+ Nxe6 23. Bf5 Re8 24. Qf3 Bf6 25. Ne4 Be7 26. Nc5 Nxc5 27.
Bxd7 Nxd7 28. Qb7 Rd8 29. Qxa7 Rg8 30. a4 Rg6 31. Rd1 Ke8 32. Qc7 1-0

[Event "30.Schlosspark-Open"]
[Site "Wiesbaden-Biebrich"]
[Date "2018.08.25"]
[Round "4.17"]
[White "Henrich, Thomas"]
[Black "Fischer, Daniel"]
[Result "1-0"]
[WhiteElo "2193"]
[BlackElo "2037"]
[PlyCount "55"]
[EventDate "2018.??.??"]
[WhiteTeam "SK Marburg"]
[BlackTeam "SVG Offenburg"]

1. Nf3 c5 2. e4 g6 3. d4 cxd4 4. Nxd4 Nc6 5. c4 Nf6 6. Nc3 Nxd4 7. Qxd4 d6 8.
Be3 Bg7 9. f3 O-O 10. Qd2 a5 11. Be2 a4 12. O-O Qa5 13. Rfd1 Be6 14. Rac1 Rfc8
15. Nb5 Bd7 16. Nd4 Qxd2 17. Rxd2 b5 18. c5 dxc5 19. Nxb5 Be6 20. Bc4 Bxc4 21.
Rxc4 Ra5 22. Nc3 Ne8 23. Rd5 Nd6 24. Rcxc5 Raxc5 25. Rxc5 a3 26. Rxc8+ Nxc8 27.
Bc1 Nb6 28. Nd1 1-0

[Event "30.Schlosspark-Open"]
[Site "Wiesbaden-Biebrich"]
[Date "2018.08.25"]
[Round "4.18"]
[White "Iliev, Mustafa Batuhan"]
[Black "Jansen, Dirk Norbert"]
[Result "0-1"]
[WhiteElo "2012"]
[BlackElo "2190"]
[PlyCount "136"]
[EventDate "2018.??.??"]
[WhiteTeam "SV Grossauheim"]
[BlackTeam "SV Weidenau/Geisweid"]

1. e4 e6 2. d4 d5 3. Nd2 Nf6 4. e5 Nfd7 5. Bd3 c5 6. c3 b5 7. Ngf3 b4 8. cxb4
c4 9. Bc2 Bxb4 10. O-O Nc6 11. Nb1 f6 12. Ba4 Qb6 13. exf6 Nxf6 14. Ne5 Bb7 15.
Bg5 O-O 16. Bxf6 Rxf6 17. Nd7 Qxd4 18. Bxc6 Qxd1 19. Nxf6+ gxf6 20. Rxd1 Bxc6
21. Nc3 Bc5 22. Ne2 Rb8 23. Rab1 e5 24. b3 c3 25. Nxc3 d4 26. Na4 Ba3 27. Nb2
Be4 28. Nd3 Rc8 29. b4 Rc3 30. Ne1 Bxb1 31. Rxb1 d3 32. Rd1 e4 33. g4 Bxb4 34.
Kf1 Ra3 35. Rb1 a5 36. f3 d2 37. Nc2 Rxf3+ 38. Ke2 Rh3 39. Nxb4 Rxh2+ 40. Ke3
axb4 41. Rd1 Rg2 42. Kxe4 Rxg4+ 43. Kd5 Rg2 44. Ke4 h5 45. Kf3 Rg4 46. Rxd2 Kg7
47. Rd3 Kg6 48. a3 bxa3 49. Rxa3 Rg5 50. Ra4 Rb5 51. Kg3 Kg5 52. Ra3 f5 53. Rc3
h4+ 54. Kf3 f4 55. Ra3 Re5 56. Rb3 h3 57. Rb8 Re3+ 58. Kf2 Re6 59. Kf3 Rh6 60.
Rb5+ Kh4 61. Rb2 Rg6 62. Rh2 Rg3+ 63. Kxf4 Rg2 64. Rh1 h2 65. Ra1 Rg1 66. Ra7
Rf1+ 67. Ke3 h1=Q 68. Rh7+ Kg5 0-1

[Event "30.Schlosspark-Open"]
[Site "Wiesbaden-Biebrich"]
[Date "2018.08.25"]
[Round "4.19"]
[White "Tischendorf, Michael"]
[Black "Cichy, Michael"]
[Result "1/2-1/2"]
[WhiteElo "2177"]
[BlackElo "2036"]
[PlyCount "61"]
[EventDate "2018.??.??"]
[WhiteTeam "SV Hofheim"]
[BlackTeam "SC BS Gliesmarode"]

1. d4 Nf6 2. Bf4 e6 3. Nf3 b6 4. e3 Bb7 5. Nbd2 c5 6. c3 Be7 7. h3 cxd4 8. cxd4
O-O 9. Bd3 Nc6 10. a3 d6 11. O-O Re8 12. Qe2 a6 13. Rfd1 b5 14. e4 Nxd4 15.
Nxd4 e5 16. Nxb5 exf4 17. Nc3 h6 18. Nf3 Qb6 19. Rac1 Rac8 20. Bb1 Bf8 21. Qd2
Nxe4 22. Nxe4 Rxc1 23. Nf6+ gxf6 24. Rxc1 Bxf3 25. gxf3 f5 26. Kh1 Bg7 27. Rg1
Kf8 28. Qxf4 Qd4 29. Qxf5 Qxb2 30. Be4 Qe5 31. Qxe5 1/2-1/2

[Event "30.Schlosspark-Open"]
[Site "Wiesbaden-Biebrich"]
[Date "2018.08.25"]
[Round "4.20"]
[White "Hermannsdoerfer, Frank"]
[Black "Boehmer, Thomas"]
[Result "1-0"]
[WhiteElo "2157"]
[BlackElo "2032"]
[PlyCount "77"]
[EventDate "2018.??.??"]
[WhiteTeam "SV Liebschwitz"]
[BlackTeam "Wiesbadener SV"]

1. b3 d5 2. Bb2 Bg4 3. f3 Bh5 4. e3 Nd7 5. d4 e6 6. Nc3 Bd6 7. Nge2 c6 8. e4
Qc7 9. Qd2 f6 10. O-O-O O-O-O 11. Qe3 Ne7 12. g3 Rhe8 13. Bh3 Bf7 14. Rhe1 Kb8
15. Nf4 Ng6 16. Nd3 a6 17. Na4 e5 18. Bxd7 Rxd7 19. Qf2 Rdd8 20. Kb1 Nf8 21.
dxe5 fxe5 22. f4 exf4 23. e5 Be7 24. gxf4 b5 25. Nac5 Qc8 26. Bd4 Ne6 27. Nxe6
Bxe6 28. Bb6 Rd7 29. f5 Bg8 30. e6 Rb7 31. Bd4 Bd6 32. Be5 Bxe5 33. Nxe5 g6 34.
Nd7+ Ka8 35. f6 Bxe6 36. Nb6+ Rxb6 37. Qxb6 Rf8 38. Qc5 Rxf6 39. Qe7 1-0

[Event "30.Schlosspark-Open"]
[Site "Wiesbaden-Biebrich"]
[Date "2018.08.25"]
[Round "4.21"]
[White "Engel, Berthold"]
[Black "Hoffmann, Jens"]
[Result "1-0"]
[WhiteElo "2146"]
[BlackElo "2012"]
[PlyCount "47"]
[EventDate "2018.??.??"]
[WhiteTeam "BG Buchen"]
[BlackTeam "SF HN-Biberach"]

1. c4 Nf6 2. g3 d5 3. cxd5 Nxd5 4. Bg2 e5 5. Nc3 Nb6 6. Qc2 Be7 7. d3 O-O 8.
Be3 f5 9. O-O-O Nc6 10. Bxc6 bxc6 11. Nf3 Bf6 12. Bc5 Be7 13. d4 e4 14. Ne5
Bxc5 15. dxc5 Qf6 16. cxb6 axb6 17. f4 exf3 18. Nxf3 b5 19. Nd4 Bb7 20. Rhf1
Qh6+ 21. Kb1 Qxh2 22. Nxf5 Qh5 23. Ne7+ Kh8 24. Rh1 1-0

[Event "30.Schlosspark-Open"]
[Site "Wiesbaden-Biebrich"]
[Date "2018.08.25"]
[Round "4.22"]
[White "Weber, Samuel"]
[Black "Chernykh, Arkady"]
[Result "1-0"]
[WhiteElo "2133"]
[BlackElo "1928"]
[PlyCount "57"]
[EventDate "2018.??.??"]
[WhiteTeam "SV Oberursel"]
[BlackTeam "Karlsruher SF"]

1. Nf3 c5 2. g3 d5 3. Bg2 Nc6 4. O-O e5 5. d3 Be7 6. Nbd2 h5 7. e4 d4 8. Nc4
Qc7 9. a4 h4 10. Nxh4 Bxh4 11. gxh4 Qe7 12. Bg5 f6 13. Bd2 g5 14. hxg5 fxg5 15.
f3 Qh7 16. Nd6+ Kf8 17. Nxc8 Qxh2+ 18. Kf2 Qh4+ 19. Ke2 Rxc8 20. Rh1 Qg3 21.
Qf1 Rxh1 22. Qxh1 Rc7 23. Rg1 g4 24. fxg4 Qxg4+ 25. Bf3 Qe6 26. Qh8 Nce7 27.
Bh5 Rc6 28. Rf1+ Qf6 29. Bh6# 1-0

[Event "30.Schlosspark-Open"]
[Site "Wiesbaden-Biebrich"]
[Date "2018.08.25"]
[Round "4.24"]
[White "Martin, Reiner"]
[Black "Flach, Erich"]
[Result "1/2-1/2"]
[WhiteElo "2006"]
[BlackElo "2127"]
[PlyCount "88"]
[EventDate "2018.??.??"]
[WhiteTeam "SC Bad Soden"]
[BlackTeam "SK Langen"]

1. d4 Nf6 2. c4 c5 3. d5 b5 4. cxb5 a6 5. f3 g6 6. e4 Bg7 7. Na3 d6 8. Ne2 O-O
9. Nc3 Nbd7 10. Be2 Nb6 11. Nc4 axb5 12. Nxb5 Ba6 13. Nba3 Nfd7 14. O-O Qb8 15.
Qc2 Bxc4 16. Nxc4 Nxc4 17. Bxc4 Nb6 18. Rb1 Qa7 19. a3 Nxc4 20. Qxc4 Rfb8 21.
Kh1 Qa6 22. Qxa6 Rxa6 23. b4 Ra4 24. Rd1 c4 25. Rd2 f5 26. exf5 gxf5 27. Kg1
Rb5 28. Rd1 Kf7 29. Kf2 e6 30. dxe6+ Kxe6 31. Re1+ Kd5 32. Rd1+ Kc6 33. Re1 Kd7
34. g4 fxg4 35. fxg4 d5 36. h4 d4 37. Bg5 Be5 38. Rec1 c3 39. Ke2 Rxa3 40. Kd3
Kc6 41. Rc2 Ra7 42. Rf2 Rab7 43. Bf6 Rf7 44. g5 Bg3 1/2-1/2

[Event "30.Schlosspark-Open"]
[Site "Wiesbaden-Biebrich"]
[Date "2018.08.25"]
[Round "4.26"]
[White "Koch, Markus"]
[Black "Eveleens, Wim"]
[Result "0-1"]
[WhiteElo "2122"]
[BlackElo "1997"]
[PlyCount "128"]
[EventDate "2018.??.??"]
[WhiteTeam "SC Brett vorm Kopp"]
[BlackTeam "Sandport"]

1. d4 e6 2. c4 f5 3. e3 Nf6 4. Nc3 d5 5. Bd3 c6 6. Nge2 Bd6 7. O-O O-O 8. f3
Nbd7 9. Bd2 dxc4 10. Bxc4 Nb6 11. Bb3 Kh8 12. a4 Qe7 13. Qe1 Bd7 14. Qh4 Nfd5
15. Qxe7 Bxe7 16. a5 Nxc3 17. bxc3 Nd5 18. Rfb1 Nc7 19. e4 b5 20. Bf4 Rac8 21.
Be5 Bf6 22. Bd6 Rfe8 23. c4 fxe4 24. fxe4 e5 25. Bxc7 Rxc7 26. d5 cxd5 27. cxd5
Bg4 28. Rc1 Rec8 29. Rxc7 Rxc7 30. Bd1 a6 31. h3 Bxe2 32. Bxe2 Bd8 33. Rf1 Be7
34. Rd1 Bd6 35. Bg4 g6 36. Be6 Kg7 37. h4 h5 38. g4 hxg4 39. Bxg4 Rc4 40. Ra1
Rxe4 41. Bc8 Rxh4 42. Bxa6 Ra4 43. Rc1 Rxa5 44. Rc6 Bf8 45. d6 Ra1+ 46. Kf2 Rd1
47. Rc7+ Kf6 48. d7 b4 49. Ke2 Rd4 50. Bd3 g5 51. Rc8 Be7 52. Rc6+ Kg7 53. Bf5
Bf6 54. Rc8 g4 55. Be6 Be7 56. Rg8+ Kf6 57. Bb3 Rxd7 58. Rxg4 Rc7 59. Rc4 Rxc4
60. Bxc4 Kf5 61. Kd2 Ke4 62. Kc2 Ke3 63. Kb3 Kd2 64. Ba6 e4 0-1

[Event "30.Schlosspark-Open"]
[Site "Wiesbaden-Biebrich"]
[Date "2018.08.25"]
[Round "4.27"]
[White "Koellner, Aaron Noah"]
[Black "Puschendorf, Steffen"]
[Result "0-1"]
[WhiteElo "2001"]
[BlackElo "2118"]
[PlyCount "94"]
[EventDate "2018.??.??"]
[WhiteTeam "SV Bergneustadt/Derschlag"]
[BlackTeam "ESV Gera"]

1. d4 d5 2. c4 c6 3. cxd5 cxd5 4. Nc3 Nc6 5. e4 dxe4 6. d5 Ne5 7. Qa4+ Bd7 8.
Qxe4 Ng6 9. Be3 Nf6 10. Qd4 e5 11. dxe6 fxe6 12. Bc4 Rc8 13. Bb3 Bc5 14. Qd3
O-O 15. Nf3 Kh8 16. O-O-O Qb6 17. h4 e5 18. Ng5 e4 19. Bxc5 Qxc5 20. Qd4 Ne5
21. Qxc5 Rxc5 22. Kb1 Bf5 23. Bc2 Nd3 24. Rd2 h6 25. Nh3 Nb4 26. Re2 Nxc2 27.
Kxc2 Nd5 28. Kb3 Nxc3 29. bxc3 Rfc8 30. Re3 Rd8 31. Nf4 Rd2 32. f3 exf3 33.
Rxf3 b6 34. h5 Bc2+ 35. Kb4 Be4 36. Re3 Bc6 37. Rf1 Rb5+ 38. Kc4 Rc5+ 39. Kb4
Rb5+ 40. Kc4 Kh7 41. g4 Rc5+ 42. Kb4 Bb5 43. c4 Bxc4 44. Ng6 Bxf1 45. Re8 a5+
46. Kb3 Bc4+ 47. Ka3 Rxa2# 0-1